000 003190000a22001330004500
041 0 _aENG
082 0 4 _aG 972.014 H143a
100 1 _aVon Hagen, Victor W.
245 1 0 _aThe Aztec: Man and Tribe / Victor Wolfgang Von Hagen
260 _aNew York, N.Y., USA : Mentor
300 _a224 Pag
001 11602
942 _cBK
999 _c40833
_d40833